Opciones (Registro nro. 8630)

Detalles MARC
000 -LEADER
fixed length control field 00898nas a2200241 454500
001 - CONTROL NUMBER
control field 27941
005 - DATE AND TIME OF LATEST TRANSACTION
control field 20260407193507.0
008 - FIXED-LENGTH DATA ELEMENTS--GENERAL INFORMATION
fixed length control field 260407s1990####ag###########|||spa#d
003 - CONTROL NUMBER IDENTIFIER
control field AR-UNSa-BCEJYS
040 ## - CATALOGING SOURCE
Original cataloging agency AR-UNSa-BCEJYS
Language of cataloging spa
Transcribing agency AR-UNSa-BCEJYS
080 ## - UNIVERSAL DECIMAL CLASSIFICATION NUMBER
Universal Decimal Classification number 316.42
Common auxiliary subdivision Cambio social en sociedades globales. Desarrollo social. Sociología del desarrollo (Desarrollo Humano)
100 1# - MAIN ENTRY--PERSONAL NAME
Personal name Programa de las Naciones Unidas para el Desarrollo (PNUD)
245 10 - TITLE STATEMENT
Title Opciones
Name of part/section of a work Revista del desarrollo humano
264 #1 - PRODUCTION, PUBLICATION, DISTRIBUTION, MANUFACTURE, AND COPYRIGHT NOTICE
Place of production, publication, distribution, manufacture New York :
Name of producer, publisher, distributor, manufacturer PNUD
Date of production, publication, distribution, manufacture, or copyright notice 1990
310 ## - CURRENT PUBLICATION FREQUENCY
Current publication frequency Frecuencia: Trimestral
590 ## - LOCAL NOTE (RLIN)
Local note niveau_biblio:s niveau_hierar:1
650 ## - SUBJECT ADDED ENTRY--TOPICAL TERM
Topical term or geographic name entry element Desarrollo económico y social
650 ## - SUBJECT ADDED ENTRY--TOPICAL TERM
Topical term or geographic name entry element Desarrollo humano
650 ## - SUBJECT ADDED ENTRY--TOPICAL TERM
Topical term or geographic name entry element País en desarrollo
700 1# - ADDED ENTRY--PERSONAL NAME
Personal name Diallo, Djibril
856 41 - ELECTRONIC LOCATION AND ACCESS
Uniform Resource Identifier <a href="https://biblioeco.unsa.edu.ar/pmb/images/revistas/Opciones-r13553.jpg">https://biblioeco.unsa.edu.ar/pmb/images/revistas/Opciones-r13553.jpg</a>
Link text Imagen de portada
Electronic format type image/jpeg
942 ## - ADDED ENTRY ELEMENTS (KOHA)
Koha item type
Existencias
Withdrawn status Lost status Damaged status Not for loan Home library Current library Shelving location Date acquired Serial enumeration / chronology Total checkouts Full call number Barcode Date last seen Price effective from Koha item type
        Biblioteca Prof. Eusebio Cleto del Rey Biblioteca Prof. Eusebio Cleto del Rey   01/12/1998 Vol. 7, Nº 4 - dic. 1998   H316.42 OPC v7.n4 R13557 10/04/2026 10/04/2026 Numero
        Biblioteca Prof. Eusebio Cleto del Rey Biblioteca Prof. Eusebio Cleto del Rey   01/07/1998 Vol. 7, Nº 3 - jul. 1998   H316.42 OPC v7.n3 R13556 10/04/2026 10/04/2026 Numero
        Biblioteca Prof. Eusebio Cleto del Rey Biblioteca Prof. Eusebio Cleto del Rey   01/04/1998 Vol. 7, Nº 2 - abr. 1998   H316.42 OPC v7.n2 R13555 10/04/2026 10/04/2026 Numero
        Biblioteca Prof. Eusebio Cleto del Rey Biblioteca Prof. Eusebio Cleto del Rey   01/01/1998 Vol. 7, Nº 1 - ene. 1998   H316.42 OPC v7.n1 R13554 10/04/2026 10/04/2026 Numero
        Biblioteca Prof. Eusebio Cleto del Rey Biblioteca Prof. Eusebio Cleto del Rey   01/04/1997 Vol. 6, Nº 2 - abr. 1997   H316.42 OPC v6.n2 R13553 10/04/2026 10/04/2026 Numero
        Biblioteca Prof. Eusebio Cleto del Rey Biblioteca Prof. Eusebio Cleto del Rey   01/01/1997 Vol. 6, Nº 1 - ene. 1997   H316.42 OPC v6.n1 R13552 10/04/2026 10/04/2026 Numero
        Biblioteca Prof. Eusebio Cleto del Rey Biblioteca Prof. Eusebio Cleto del Rey   01/10/1996 Vol. 5, Nº 2 - oct. 1996   H316.42 OPC v5.n2 R13551 10/04/2026 10/04/2026 Numero
        Biblioteca Prof. Eusebio Cleto del Rey Biblioteca Prof. Eusebio Cleto del Rey   01/06/1996 Vol. 5, Nº 1 - jun. 1996   H316.42 OPC v5.n1 R13537 10/04/2026 10/04/2026 Numero